Emberi erőforrás folyamatok mérőszámai és alkalmazásuk a vállalati gyakorlatban

Bibliográfiai részletek
Szerző: Cserép Zsolt
További közreműködők: Vámosi dr Kornéli
Dokumentumtípus: Diplomadolgozat
Kulcsszavak:Emberi erőforrás
Minőségirányítási rendszerek
TQM
Mérőszámok
Online Access:http://dolgozattar.uni-bge.hu/466

MARC

LEADER 00000nta a2200000 i 4500
001 dolg466
005 20151001130839.0
008 150305suuuu hu om 000 hun d
040 |a BGE Dolgozattár Repozitórium  |b hun 
041 |a hu 
100 1 |a Cserép Zsolt 
245 1 0 |a Emberi erőforrás folyamatok mérőszámai és alkalmazásuk a vállalati gyakorlatban  |c Cserép Zsolt  |h [elektronikus dokumentum] 
246 1 1 |a Emberi erőforrás folyamatok mérőszámai és alkalmazásuk a vállalati gyakorlatban 
695 |a Emberi erőforrás 
695 |a Minőségirányítási rendszerek 
695 |a TQM 
695 |a Mérőszámok 
700 1 |a Vámosi dr Kornéli  |e ths 
856 4 0 |u http://dolgozattar.uni-bge.hu/466/1/cser%C3%A9p_zsolt_d810rg_szakdolgozat.pdf  |z Dokumentum-elérés